000 00810nam a2200241 a 4500
001 000011388
005 20200929162434.0
008 091016s2006 pr 000 p spa d
020 _a193227183X
040 _aDO-SdBNP
_bspa
_cBNPHU
082 _aPR861.44
_bF995L
100 1 _aFuster Lavín, Ana María
_d1967-
_9248
245 1 3 _aEl libro de las sombras /
_cAna María Fuster Lavín.
260 _aSan Juan, Puert Rico
_aSanto Domingo :
_bIsla Negra,
_c2006.
300 _a80 p. ;
_c23 cm.
490 1 _aJosemilio González
500 _aIncluye datos biográficos de la autora en la solapa de la cubierta
650 4 _aPoesía puertorriqueña
_91015
650 4 _aLiteratura puertorriqueña
_9250
830 0 _aJosemilio Gónzalez
_96541
910 _aValidado. Control de calidad MFF
049 _aBNPD
999 _c11095
_d11095